000 00524nam a22002057a 4500
005 20251108171837.0
008 250721s1994 xx 000 0 ara d
082 1 4 _a618.2/حسا
100 1 _aجعفر، حسان
245 1 0 _aالولادة /
264 1 _aبيروت :
_bدار المناهل،
_c1994.
300 _a288ص
490 0 _aالكتاب الطبي
650 1 7 _aالولادة
650 1 7 _aالنساء
650 1 7 _aالأمراض
650 1 7 _aالحمل
942 _2ddc
_cBK
999 _c64074
_d64074